000 00671nam a2200241 a 4500
999 _c505
_d505
008 190905r19982011ii ||||gr|||| 001 0 eng d
020 _a9788125913795
_cRs. 495.00
040 _aKO
_beng
041 0 _aeng
044 _aii
082 0 4 _223
_a382.92
_bR1801
100 1 _aRao, M. B.
245 1 0 _aWTO and International Trade /
_cM. B. Rao
250 _a2nd Ed.
260 _aNoida :
_bVikas Publishing House Pvt Ltd,
_c1998 Reprinted 2011
300 _axi, 388 p. ;
_c24 cm.
504 _aIncludes index.
650 0 _a World Trade Organization
_vTextbooks
650 0 _aInternational trade
_vTextbooks
700 1 _aGuru, Manjula
_eaut
942 _cBK